Produktywne typy słowotwórcze współczesnego je̜zyka ogólnopolskiego.

Bibliographic Details
Main Author: Satkiewicz, Halina
Format: Book
Language:Polish
Published: [Warszawa] : Wydawn. Uniwersytetu Warszawskiego, 1969.
Subjects:

MARC

Tag First Indicator Second Indicator Subfields
LEADER 00000cam a2200000I 4500
001 in00001664069
005 20151024121540.0
008 720728s1969 pl 000 0 pol c
010 |a  71257056  
035 |a (OCoLC)ocm00368330 
040 |a OSU  |c OSU  |d TXA  |d UtOrBLW 
049 |a TXAM 
090 |a PG6175  |b .S2 
100 1 |a Satkiewicz, Halina. 
245 1 0 |a Produktywne typy słowotwórcze współczesnego je̜zyka ogólnopolskiego. 
264 1 |a [Warszawa] :  |b Wydawn. Uniwersytetu Warszawskiego,  |c 1969. 
300 |a 231 pages ;  |c 24 cm. 
336 |a text  |b txt  |2 rdacontent 
337 |a unmediated  |b n  |2 rdamedia 
338 |a volume  |b nc  |2 rdacarrier 
500 |a "Skrypt dla studentów filologii polskiej." 
504 |a Bibliography: pages [199]-204. 
536 |a From the Library of Professor Horace G. Lunt. October 2000. 
650 0 |a Polish language  |x Word formation. 
948 |a cataloged  |b h  |c 2002/3/6  |d c  |e spoltoratski  |f 10:38:42 am 
994 |a E0  |b TXA 
999 |a MARS 
999 f f |s 4b02e182-0142-314a-82f2-ab9138bb6155  |i 4f0d0d03-2fdf-32fd-ac0b-bdaefdb1b374  |t 0 
952 f f |p ric  |a Texas A&M University  |b Rellis Campus  |c Joint Library Facility  |d Remote Storage  |t 0  |e PG6175 .S2  |h Library of Congress classification  |i unmediated -- volume  |m A14828293535 
998 f f |a PG6175 .S2  |t 0  |l Remote Storage